[Event "IsBank TCh-TUR"]
[Site "Konya TUR"]
[Date "2010.07.02"]
[Round "5"]
[White "Ulusoy,Nisan"]
[Black "Vatansever,Buse"]
[Result "0-1"]
[WhiteElo "1613"]
[BlackElo "1547"]
[EventDate "2010.06.29"]

1. e4 c6 2. d4 d5 3. Nc3 dxe4 4. Nxe4 Bf5 5. Ng3 Bg6 6. h4 h6 7. Nf3 Nd7 8.
h5 Bh7 9. Bd3 Bxd3 10. Qxd3 Ngf6 11. Bd2 Qc7 12. O-O-O e6 13. Ne4 O-O-O 14.
g3 Nxe4 15. Qxe4 Bd6 16. c4 c5 17. Bc3 cxd4 18. Rxd4 Nf6 19. Qe2 Rhe8 20.
Kb1 Bc5 21. Rd2 Rxd2 22. Nxd2 Rd8 23. Nb3 Bb6 24. c5 Qc6 25. Rc1 Bc7 26.
Ka1 Rd5 27. g4 Bf4 28. Rd1 Rxd1+ 29. Qxd1 Nxg4 30. Bxg7 Nxf2 31. Qb1 Qh1
32. Nd4 Qxh5 33. Nb3 Qh1 34. Bd4 Qxb1+ 35. Kxb1 Ng4 36. Kc2 e5 37. Bc3 h5
38. Be1 Nh2 39. Kd3 Nf3 40. Bf2 f5 41. Ke2 e4 42. Nd4 Nxd4+ 43. Bxd4 Kd7
44. Kf2 Ke6 45. c6 bxc6 46. Bxa7 h4 47. Kg2 Bg3 48. a4 f4 49. a5 f3+ 50.
Kg1 h3 51. a6 h2+ 52. Kh1 f2 53. Bxf2 Bxf2 54. Kxh2 Ba7 55. Kg2 Kd5 56. Kf1
e3 57. Ke2 Kc4 0-1

[Event "IsBank TCh-TUR"]
[Site "Konya TUR"]
[Date "2010.07.02"]
[Round "6"]
[White "Ozen,A"]
[Black "Secer,A"]
[Result "0-1"]
[WhiteElo "1683"]
[BlackElo "2325"]
[EventDate "2010.06.29"]

1. e4 e6 2. d4 d5 3. e5 c5 4. c3 Nc6 5. Nf3 Bd7 6. Bd3 Qc7 7. a3 c4 8. Bc2
f6 9. Nh4 O-O-O 10. f4 g5 11. fxg5 fxe5 12. Rf1 exd4 13. cxd4 Qxh2 14. Bf4
Qxh4+ 15. g3 Qh2 16. Nc3 Nge7 17. Nb5 Ng6 18. Rf2 Qh3 19. Bxg6 hxg6 20. Qa4
e5 21. dxe5 Qh1+ 22. Kd2 Qxa1 23. Ke3 Bc5+ 24. Kf3 Qh1+ 0-1

[Event "IsBank TCh-TUR"]
[Site "Konya TUR"]
[Date "2010.07.02"]
[Round "6"]
[White "Erturan,Y"]
[Black "Salepci,O"]
[Result "1/2-1/2"]
[WhiteElo "2377"]
[BlackElo "2130"]
[EventDate "2010.06.29"]

1. e4 e5 2. Nf3 Nc6 3. Bb5 a6 4. Ba4 Nf6 5. O-O Be7 6. Re1 b5 7. Bb3 d6 8.
c3 O-O 9. d4 Bg4 10. d5 Nb8 11. a4 Nbd7 12. Bc2 Nc5 13. axb5 axb5 14. Rxa8
Qxa8 15. b4 Na6 16. Bd3 c6 17. dxc6 Qxc6 18. Bg5 Rd8 19. h3 Be6 20. Qe2 Nc7
21. Rc1 h6 22. Bd2 Ra8 23. Kh2 Bc4 24. Bxc4 bxc4 25. Re1 Ra2 26. Nh4 g6 27.
Qf3 Nh7 28. Qg4 Nf6 29. Qf3 Nh7 30. Qg4 Nf6 1/2-1/2

[Event "IsBank TCh-TUR"]
[Site "Konya TUR"]
[Date "2010.07.02"]
[Round "6"]
[White "Lastin,A"]
[Black "Borovikov,V"]
[Result "1/2-1/2"]
[WhiteElo "2643"]
[BlackElo "2599"]
[EventDate "2010.06.29"]

1. c4 c5 2. Nf3 Nc6 3. d4 cxd4 4. Nxd4 Nf6 5. Nc3 e6 6. a3 Be7 7. e4 O-O 8.
Nf3 Qc7 9. Be2 a6 10. O-O b6 11. Bg5 h6 12. Bd2 Bb7 13. Rc1 Rac8 14. Bd3
Qb8 15. Ne2 d6 16. Ng3 Nd7 17. Be3 Ba8 18. Re1 Rfd8 19. Bf1 Bf8 20. h3 b5
21. cxb5 axb5 22. Nd4 Nxd4 23. Qxd4 d5 24. exd5 Bxd5 25. Qa7 Qxa7 26. Bxa7
b4 27. axb4 Bxb4 28. Red1 Bf8 29. Ne2 Rxc1 30. Rxc1 Ra8 31. Bd4 e5 32. Be3
Be6 33. f4 Rb8 34. fxe5 Rxb2 35. Nf4 1/2-1/2

[Event "IsBank TCh-TUR"]
[Site "Konya TUR"]
[Date "2010.07.02"]
[Round "6"]
[White "Ushenina,A"]
[Black "Guramishvili,S"]
[Result "1/2-1/2"]
[WhiteElo "2468"]
[BlackElo "2289"]
[EventDate "2010.06.29"]

1. d4 d5 2. c4 c6 3. Nc3 dxc4 4. e4 b5 5. a4 b4 6. Na2 e6 7. Bxc4 Nf6 8. e5
Nd5 9. Nf3 a5 10. O-O Ba6 11. Bg5 Be7 12. Bxe7 Nxe7 13. Rc1 O-O 14. Bxa6
Nxa6 15. Rc4 Nb8 16. Rc1 Na6 17. Rc4 Qb6 18. Nc1 Rad8 19. Nb3 Rd5 20. Qc2
h6 21. Rc1 Rfd8 22. h3 Qa7 23. Qe2 Rc8 24. Nfd2 Nb8 25. Rc5 Rcd8 26. Rxd5
Rxd5 27. g4 Ng6 28. Qe3 Qe7 29. Ne4 Qd8 30. Nd6 f6 31. f4 fxe5 32. fxe5 Kh7
33. Qe4 Qg5 34. Rf1 Nd7 35. Ne8 Qd8 36. Nd6 Qg5 37. Rf7 Ndxe5 38. dxe5 Qxe5
39. Qxe5 Nxe5 40. Ra7 Rxd6 41. Rxa5 Nc4 42. Ra7 Nxb2 43. a5 Na4 44. Rc7 Rd3
45. a6 Rxb3 46. a7 Nb6 47. Rxc6 Rxh3 48. Rxe6 Na8 49. Re8 Ra3 50. Rxa8 b3
51. Kf2 b2 52. Rb8 Rxa7 53. Rxb2 Ra3 54. Rb6 1/2-1/2

[Event "IsBank TCh-TUR"]
[Site "Konya TUR"]
[Date "2010.07.02"]
[Round "6"]
[White "Bal,Sevgican"]
[Black "Patel,Y"]
[Result "1-0"]
[WhiteElo "1609"]
[BlackElo "1782"]
[EventDate "2010.06.29"]

1. d4 Nf6 2. Nf3 g6 3. Bg5 Bg7 4. Nbd2 O-O 5. e4 d6 6. c3 Nbd7 7. Bc4 e5 8.
O-O h6 9. Bh4 g5 10. Bg3 Nh5 11. Re1 Nf4 12. Nf1 Ng6 13. Ne3 Ne7 14. a4 Kh8
15. Bb3 c6 16. Nc4 Qc7 17. dxe5 dxe5 18. Nd6 f5 19. exf5 Nxf5 20. Nf7+ Kh7
21. N3xg5+ hxg5 22. Qh5+ Nh6 23. Bc2+ Kg8 24. Nxh6+ Bxh6 25. Qxh6 Nf6 26.
Qxg5+ Qg7 27. Bxe5 Be6 28. Rad1 Bd5 29. Re3 Kf7 30. h3 Rh8 31. Bd6 Rhe8 32.
Rde1 Rxe3 33. Rxe3 Rd8 34. Qh6 Kg8 35. Re7 Nd7 36. Bc7 1-0

[Event "IsBank TCh-TUR"]
[Site "Konya TUR"]
[Date "2010.07.02"]
[Round "6"]
[White "Firat,B"]
[Black "Komut,K"]
[Result "1-0"]
[WhiteElo "2403"]
[BlackElo "1937"]
[EventDate "2010.06.29"]

1. e4 e5 2. Nf3 Nc6 3. Bb5 a6 4. Ba4 Nf6 5. O-O Nxe4 6. d4 b5 7. Bb3 d5 8.
dxe5 Be6 9. Nbd2 Nc5 10. c3 Be7 11. Bc2 O-O 12. Nb3 Bg4 13. Nxc5 Bxc5 14.
Qd3 g6 15. Bf4 Re8 16. Rfe1 Qd7 17. Bb3 Rad8 18. Rad1 Ne7 19. Bg5 c6 20. h3
Bxf3 21. Qxf3 Qe6 22. Bc2 Rb8 23. b4 Bb6 24. Qf4 Bd8 25. g4 Nc8 26. Bf6 1-0

[Event "IsBank TCh-TUR"]
[Site "Konya TUR"]
[Date "2010.07.02"]
[Round "6"]
[White "Olcum,A"]
[Black "Yuksel,A"]
[Result "1/2-1/2"]
[WhiteElo "1949"]
[BlackElo "1975"]
[EventDate "2010.06.29"]

1. Nf3 d5 2. d4 Nf6 3. Bf4 e6 4. e3 Bd6 5. Bg3 O-O 6. Bd3 b6 7. Nbd2 c5 8.
c3 Bb7 9. O-O Ne4 10. Bxd6 Nxd6 11. Ne1 Nd7 12. f4 f5 13. Nef3 a5 14. Ne5
Nxe5 15. fxe5 Ne4 16. Nxe4 fxe4 17. Bb5 c4 18. Qg4 Qe7 19. a4 Rxf1+ 20.
Rxf1 Rf8 21. Rxf8+ Kxf8 22. h4 Bc8 23. Qh5 Kg8 24. Qg4 Bd7 25. h5 Bxb5 26.
axb5 Kf8 27. Qf4+ Ke8 28. Qg4 Qf7 29. Qg5 Qe7 30. Qg4 Qf7 31. Qg5 Qe7 32.
Qg4 1/2-1/2

[Event "IsBank TCh-TUR"]
[Site "Konya TUR"]
[Date "2010.07.02"]
[Round "6"]
[White "Gvetadze,Sopi"]
[Black "Yildiz,B"]
[Result "1/2-1/2"]
[WhiteElo "2363"]
[BlackElo "2229"]
[EventDate "2010.06.29"]

1. e4 e5 2. Nf3 Nc6 3. d4 exd4 4. Nxd4 Bc5 5. Nxc6 Qf6 6. Qf3 dxc6 7. Bc4
Qg6 8. O-O Nf6 9. Nc3 O-O 10. h3 Nd7 11. Bf4 Bd6 12. Bb3 Qf6 13. Bxd6 Qxd6
14. Rad1 Qe7 15. Rfe1 Nc5 16. Bc4 Be6 17. Bf1 Qg5 18. Ne2 Bc4 19. Ng3 Bxf1
20. Rxf1 Rad8 21. Rxd8 Rxd8 22. Rd1 h6 23. Kh2 Rxd1 24. Qxd1 Qf6 25. b4 Ne6
26. Qd2 Kh7 27. c3 g6 28. Qe3 Qe5 29. Kg1 a5 30. bxa5 Qxa5 1/2-1/2

[Event "IsBank TCh-TUR"]
[Site "Konya TUR"]
[Date "2010.07.02"]
[Round "6"]
[White "Komut,B"]
[Black "Coban,Met"]
[Result "1/2-1/2"]
[WhiteElo "2012"]
[BlackElo "1919"]
[EventDate "2010.06.29"]

1. d4 Nf6 2. c4 g6 3. Nf3 Bg7 4. g3 O-O 5. Nc3 d6 6. Bg2 Nbd7 7. O-O e5 8.
h3 exd4 9. Nxd4 Nb6 10. Qd3 Nfd7 11. b3 Qf6 12. Be3 c6 13. Rac1 Nc5 14. Qd2
a5 15. Nf3 Qe7 16. Rfd1 Be5 17. Nxe5 dxe5 18. Qd6 Qxd6 19. Rxd6 Nbd7 20.
Rcd1 Re8 21. h4 Re6 22. R6d2 Re7 23. h5 Ne6 24. hxg6 hxg6 25. Ne4 f5 26.
Rxd7 Bxd7 27. Rxd7 Rxd7 28. Nf6+ Kg7 29. Nxd7 e4 30. Nc5 Nxc5 31. Bxc5 a4
32. f3 axb3 33. axb3 exf3 34. exf3 Ra2 35. f4 Kf7 36. b4 Rc2 37. Bf1 Ke6
38. Bf2 Kd6 39. Kg2 b6 40. c5+ bxc5 41. bxc5+ Kd7 42. Kf3 Kc7 43. Bd3 Rc3
44. Ke2 Kd7 45. Bd4 Ra3 46. Be3 Ke6 47. Bc4+ Ke7 48. Bg8 Ra8 49. Bc4 Ra3
50. Kf3 Ra4 51. Bf1 Ke6 52. g4 Ke7 53. g5 Ke6 54. Ke2 Ra2+ 55. Kf3 Ra4 56.
Bg2 Ra3 57. Kf2 Ra2+ 58. Kf3 Ra4 59. Ke2 Kd7 60. Bf3 Ra2+ 61. Ke1 Ra3 62.
Kf2 Ra2+ 63. Be2 Ra4 64. Ke1 Ke7 65. Kd2 Ra2+ 66. Kd3 Ra3+ 67. Kd4 Ra4+ 68.
Bc4 Ra1 69. Bd2 Rd1 70. Ke3 Ra1 71. Bc3 Ra3 72. Kd2 Ra4 73. Bf6+ Ke8 74.
Kd3 Ra3+ 75. Kd4 Ra4 76. Kc3 Ra1 77. Be5 Ke7 78. Bd6+ Ke8 79. Bb3 Re1 80.
Bc2 Kd7 81. Kd4 Ke8 82. Kc4 Rc1 83. Kd3 Re1 84. Be5 Rf1 85. Kc3 Rf2 86. Bb3
Rf1 87. Kc4 Ke7 88. Bd6+ Ke8 89. Kb4 Rb1 90. Be5 Rc1 91. Bd4 Rb1 92. Kc4
Rc1+ 93. Bc3 Rf1 94. Bd2 Rf2 95. Be3 Rf1 96. Kd4 Re1 97. Bc2 Ke7 98. Bd3
Ke6 99. Bd2 Rd1 100. Ba5 Ke7 101. Bc7 Ke8 102. Bd6 Kf7 103. Kc3 Ke8 104.
Bc4 Rb1 105. Be6 Re1 106. Bc8 Rb1 107. Kd4 Re1 108. Be5 Rd1+ 109. Kc4 Rb1
110. Kc3 Ke7 111. Bf6+ Ke8 112. Be6 Rf1 113. Kd4 1/2-1/2

[Event "IsBank TCh-TUR"]
[Site "Konya TUR"]
[Date "2010.07.02"]
[Round "6"]
[White "Erdogdu,M"]
[Black "Cebelli,O"]
[Result "1-0"]
[WhiteElo "2458"]
[BlackElo "2159"]
[EventDate "2010.06.29"]

1. e4 e6 2. d4 d5 3. Nc3 Nf6 4. Bg5 dxe4 5. Nxe4 Nbd7 6. Nf3 h6 7. Nxf6+
Nxf6 8. Be3 Bd6 9. Bd3 b6 10. Qe2 Bb7 11. Ne5 a6 12. O-O-O Qe7 13. f4 c5
14. Rhf1 Bxe5 15. fxe5 Nd5 16. Bd2 cxd4 17. Qg4 Nc3 18. bxc3 Qa3+ 19. Kb1
Rc8 20. Bc1 Qxc3 21. Bb2 Qa5 22. Rxf7 Kxf7 23. Rf1+ Ke7 24. Qxg7+ Kd8 25.
Rf8+ Rxf8 26. Qxf8+ Kd7 27. Qd6+ Ke8 1-0

[Event "IsBank TCh-TUR"]
[Site "Konya TUR"]
[Date "2010.07.02"]
[Round "6"]
[White "Yilmaz,M"]
[Black "Sipahioglu,I"]
[Result "1-0"]
[WhiteElo "2476"]
[BlackElo "2057"]
[EventDate "2010.06.29"]

1. e4 e6 2. d4 d5 3. Nd2 dxe4 4. Nxe4 Nd7 5. Nf3 Ngf6 6. Bg5 Be7 7. Nxf6+
Bxf6 8. Qd2 b6 9. Bxf6 Nxf6 10. Bb5+ Bd7 11. Bd3 O-O 12. Ne5 Bc8 13. O-O-O
Bb7 14. Rhg1 Rc8 15. g4 c5 16. g5 Ne4 17. Bxe4 Bxe4 18. Qf4 Bd5 19. Ng4 Kh8
20. Ne3 cxd4 21. Rxd4 Qc7 22. Qxc7 Rxc7 23. Nxd5 exd5 24. Rxd5 Rfc8 25. c3
Re7 26. Rgd1 g6 27. Rd7 Rc7 28. Rxc7 Rxc7 29. Rd5 Kg7 30. Kd2 h6 31. h4
hxg5 32. hxg5 f6 33. f4 Kf7 34. Rd6 fxg5 35. fxg5 Rc5 36. Rd7+ Ke6 37. Rxa7
Rxg5 38. c4 Kd6 39. Kc3 Rg2 40. a4 g5 41. b3 Kc6 42. Kb4 Rf2 43. a5 bxa5+
44. Rxa5 g4 45. Rg5 Rf4 46. Rg6+ Kb7 1-0

[Event "IsBank TCh-TUR"]
[Site "Konya TUR"]
[Date "2010.07.02"]
[Round "6"]
[White "Sop,S"]
[Black "Sanal,S"]
[Result "1/2-1/2"]
[WhiteElo "1963"]
[BlackElo "1713"]
[EventDate "2010.06.29"]

1. e4 c5 2. Nf3 e6 3. d4 cxd4 4. Nxd4 a6 5. c4 Nf6 6. Nc3 d6 7. Be2 Nbd7 8.
O-O Qc7 9. Be3 Be7 10. f3 O-O 11. Qd2 b6 12. a4 Bb7 13. a5 bxa5 14. Nb3
Rfd8 15. Nxa5 Nb6 16. Rfc1 Bc8 17. Na4 Nfd7 18. b4 Bf6 19. Nxb6 Nxb6 20.
Rab1 Rb8 21. b5 Bb7 22. Nxb7 Rxb7 23. bxa6 Rbb8 24. Qa5 Nd5 25. Qxc7 Nxc7
26. Bb6 Rxb6 27. c5 Rxb1 28. Rxb1 Bd4+ 29. Kf1 Bxc5 30. Rb7 Nxa6 31. Bxa6
g6 32. Rc7 Bd4 33. Rc8 Rxc8 34. Bxc8 Kg7 35. Ke2 Bg1 36. h3 Kf6 37. f4 Bh2
38. Kf3 Ke7 39. Bb7 Bg1 40. Bc6 Bc5 41. g4 1/2-1/2

[Event "IsBank TCh-TUR"]
[Site "Konya TUR"]
[Date "2010.07.02"]
[Round "6"]
[White "Menzi,N"]
[Black "Ulusoy,Nisan"]
[Result "1-0"]
[WhiteElo "1851"]
[BlackElo "1613"]
[EventDate "2010.06.29"]

1. e4 e6 2. d4 d5 3. Nc3 Nf6 4. e5 Nfd7 5. f4 c5 6. Nf3 Nc6 7. Be3 cxd4 8.
Nxd4 Bc5 9. Qd2 O-O 10. O-O-O a6 11. Kb1 Nxd4 12. Bxd4 b5 13. Qe3 Qb6 14.
Ne2 Bb7 15. Bxc5 Qxc5 16. Qxc5 Nxc5 17. Nd4 Rac8 18. Bd3 Rfe8 19. Rde1 Rc7
20. g4 Bc8 21. Re3 Bd7 22. Rf1 Nxd3 23. cxd3 Rec8 24. Ree1 b4 25. Rc1 Rxc1+
26. Rxc1 Rxc1+ 27. Kxc1 a5 28. a3 bxa3 29. bxa3 Ba4 30. Kb2 Kf8 31. Nb3 Bb5
32. Kc3 Ke7 33. Nxa5 Kd7 34. Nb7 Ke7 35. Nc5 f6 36. a4 Bc6 37. a5 fxe5 38.
fxe5 h6 39. a6 g6 40. d4 Kf7 41. Kb4 Ke7 42. Ka5 Ba8 43. Kb6 h5 44. g5 h4
45. a7 h3 46. Na6 Kd7 47. Nc7 Bc6 48. a8=Q Bxa8 49. Nxa8 Ke7 50. Kc7 1-0

[Event "IsBank TCh-TUR"]
[Site "Konya TUR"]
[Date "2010.07.02"]
[Round "6"]
[White "Majdan,J"]
[Black "Atalik,E"]
[Result "1/2-1/2"]
[WhiteElo "2348"]
[BlackElo "2444"]
[EventDate "2010.06.29"]

1. e4 e5 2. Nf3 Nc6 3. Bb5 a6 4. Bxc6 dxc6 5. O-O f6 6. d4 Bg4 7. dxe5 Qxd1
8. Rxd1 fxe5 9. Rd3 Bd6 10. Nbd2 Nf6 11. b3 O-O 12. Bb2 Rae8 13. Re1 b5 14.
g3 Nd7 15. Kg2 Re7 16. h3 Bh5 17. Nh4 Be8 18. Nf5 Re6 19. Nf3 Ref6 20. N3h4
h5 21. f4 g6 22. Nxd6 cxd6 23. Red1 Nc5 24. Rxd6 Rxd6 25. Rxd6 exf4 26.
Nxg6 f3+ 27. Kf1 Nxe4 28. Nxf8 Nxd6 29. Ne6 Ne4 30. Nd4 f2 31. Ne2 c5 32.
Nc3 Bg6 33. Nxe4 Bxe4 34. c3 Bf5 35. Kxf2 Bxh3 36. Ba3 1/2-1/2

[Event "IsBank TCh-TUR"]
[Site "Konya TUR"]
[Date "2010.07.02"]
[Round "6"]
[White "Yigit,A"]
[Black "Aslan,C"]
[Result "1-0"]
[WhiteElo "1734"]
[BlackElo "1572"]
[EventDate "2010.06.29"]

1. e4 c5 2. Nf3 d6 3. d4 cxd4 4. Nxd4 Nf6 5. Nc3 g6 6. Be3 Bg7 7. f3 O-O 8.
Bc4 Nc6 9. Qd2 Bd7 10. O-O-O Rc8 11. Bb3 Na5 12. h4 Nxb3+ 13. Nxb3 h5 14.
g4 hxg4 15. h5 Nxh5 16. Rdg1 Rxc3 17. bxc3 Qc8 18. Bd4 a5 19. Bxg7 Nxg7 20.
Qh6 f5 21. Qh7+ Kf7 22. Rh6 Qxc3 23. Qxg6+ Kg8 24. Rgh1 Qe3+ 25. Kb1 1-0

[Event "IsBank TCh-TUR"]
[Site "Konya TUR"]
[Date "2010.07.02"]
[Round "6"]
[White "Kanli,K"]
[Black "Acarbay,Ay"]
[Result "1/2-1/2"]
[WhiteElo "1939"]
[BlackElo "1885"]
[EventDate "2010.06.29"]

1. e4 c5 2. Nf3 d6 3. d4 cxd4 4. Nxd4 Nf6 5. Nc3 a6 6. Bg5 e6 7. f4 Qb6 8.
Qd2 Nc6 9. Bxf6 gxf6 10. Nb3 Bd7 11. O-O-O O-O-O 12. Be2 h5 13. Rhf1 Kb8
14. Rf3 Ne5 15. Rh3 h4 16. Kb1 Ng6 17. Rd3 Qf2 18. Rf3 Qb6 19. Bf1 Bc6 20.
Nd4 Bh6 21. Nxc6+ Qxc6 22. g3 hxg3 23. hxg3 Ne5 24. Rf2 Qb6 25. Qe1 Ng4 26.
Re2 Bg7 27. Bg2 Rc8 28. Rd3 Rc4 29. Red2 Rd8 30. Nd1 Rb4 31. Rb3 Rxb3 32.
axb3 Nh6 33. Ne3 Bf8 34. Rd3 Be7 35. Qd2 Qc5 36. b4 Qc7 37. b3 b5 38. Rc3
Qb6 39. Rd3 Rc8 40. Kb2 Rg8 41. Nd1 Ng4 42. Qe2 Qg1 43. Rc3 Qd4 44. Ka2 Kb7
45. Rd3 Qxb4 46. c3 Qc5 47. Ne3 Nxe3 48. Rxe3 Rc8 49. Kb2 Kb8 50. Qd3 Bd8
51. b4 Qc6 52. Re2 Be7 53. Rd2 Qb6 54. Qd4 Qxd4 55. Rxd4 Rg8 56. Rd3 Kc7
57. Kc2 Kd7 58. Kd2 Bd8 59. Ke2 Bb6 60. Kf3 Rc8 1/2-1/2

[Event "IsBank TCh-TUR"]
[Site "Konya TUR"]
[Date "2010.07.02"]
[Round "6"]
[White "Koc,O"]
[Black "Ozen,B"]
[Result "0-1"]
[WhiteElo "1851"]
[BlackElo "2078"]
[EventDate "2010.06.29"]

1. e4 e5 2. Nf3 Nc6 3. Bb5 a6 4. Ba4 Nf6 5. d3 b5 6. Bb3 Be7 7. c3 d6 8. h3
O-O 9. Nbd2 Na5 10. Bc2 c5 11. Nf1 Qc7 12. Ng3 Re8 13. O-O g6 14. Bg5 Kg7
15. Qd2 Ng8 16. Bxe7 Qxe7 17. Nh2 Qh4 18. Qe3 Nh6 19. f4 f5 20. fxe5 Rxe5
21. Qf2 Re8 22. d4 fxe4 23. Bxe4 Bb7 24. Bxb7 Nxb7 25. Nf3 Qf4 26. Rae1 a5
27. Ne2 Qe3 28. Qxe3 Rxe3 29. Nf4 Rae8 30. Rxe3 Rxe3 31. Ng5 Nd8 32. dxc5
dxc5 33. Rd1 Nhf7 34. Nxf7 Nxf7 35. Kf2 Re5 36. Nd5 Rf5+ 37. Kg1 Ne5 38.
Nc7 Nc4 39. b3 Na3 40. Rd5 Rxd5 41. Nxd5 Kf7 42. Kf2 Ke6 43. Nc7+ Kf7 44.
Nd5 Ke6 45. Nc7+ Kd6 46. Ne8+ Ke5 47. Ke3 Nb1 48. Kd3 Kf4 49. Nf6 h5 50.
Kc2 Na3+ 51. Kd3 Kg3 52. Nd5 c4+ 53. Kd4 h4 54. Kc5 g5 55. Nf6 Kxg2 56. Ne4
g4 0-1

[Event "IsBank TCh-TUR"]
[Site "Konya TUR"]
[Date "2010.07.02"]
[Round "6"]
[White "Yolal,Sena Gokcen"]
[Black "Sasmazel,B"]
[Result "0-1"]
[WhiteElo "1662"]
[BlackElo "1876"]
[EventDate "2010.06.29"]

1. e4 e5 2. Nf3 Nc6 3. Bc4 Nf6 4. d3 Bc5 5. c3 d6 6. Bb3 a6 7. Nbd2 Ba7 8.
Nf1 Ne7 9. Ng3 Ng6 10. O-O O-O 11. h3 Re8 12. Re1 Bd7 13. d4 Bc6 14. Ng5
Rf8 15. d5 Bd7 16. Be3 Re8 17. Qd2 h6 18. Nf3 Bxe3 19. fxe3 Nh7 20. Rf1 Ng5
21. Qf2 Rf8 22. a4 Nxf3+ 23. Qxf3 Qg5 24. Nf5 Nh4 25. Qg4 Qxg4 26. hxg4 Ng6
27. Rf2 Rae8 28. Raf1 Ne7 29. Bd1 Nc8 30. b3 Nb6 31. Kh2 Bxf5 32. gxf5 Nd7
33. Kh3 Nf6 34. Bc2 Rc8 35. Bd3 c6 36. dxc6 Rxc6 37. Rc1 Rfc8 38. Rfc2 g5
39. g4 Kg7 40. Kg3 Rb6 41. b4 d5 42. a5 Rd6 43. Kf3 h5 44. gxh5 g4+ 45. Kg3
dxe4 46. Be2 Kh6 47. Rh1 Rg8 48. Kg2 Nxh5 49. Bc4 Rg7 50. Be2 Kg5 51. Rcc1
Rd2 52. Rce1 Rg8 53. Rhg1 Kxf5 54. Rgf1+ Ke6 0-1

[Event "IsBank TCh-TUR"]
[Site "Konya TUR"]
[Date "2010.07.02"]
[Round "6"]
[White "Yilmazyerli,M"]
[Black "Erdogan,H"]
[Result "1-0"]
[WhiteElo "2295"]
[BlackElo "2271"]
[EventDate "2010.06.29"]

1. Nf3 c5 2. c4 Nc6 3. Nc3 Nf6 4. d4 cxd4 5. Nxd4 e5 6. Ndb5 a6 7. Nd6+
Bxd6 8. Qxd6 Qe7 9. Qxe7+ Kxe7 10. Bg5 Kf8 11. e3 Ne8 12. Be2 f6 13. Bh4 d6
14. O-O Be6 15. Rfd1 Rc8 16. Rac1 Ne7 17. Ne4 Nf5 18. Bg3 Nxg3 19. hxg3 Ke7
20. g4 d5 21. cxd5 Rxc1 22. Rxc1 Bxd5 23. Bf3 Bxa2 24. Rc8 Bd5 25. Nc5 Bxf3
26. gxf3 b6 27. Nxa6 Kd7 28. Rb8 Kc6 29. b4 b5 30. Nc5 g6 31. Ne4 Rg8 32.
Rc8+ Kd7 33. Rxe8 Rxe8 34. Nxf6+ Ke7 35. Nxe8 Kxe8 36. g5 Kd7 37. e4 Ke6
38. Kg2 1-0

[Event "IsBank TCh-TUR"]
[Site "Konya TUR"]
[Date "2010.07.02"]
[Round "6"]
[White "Solak,D"]
[Black "Citak,S"]
[Result "1/2-1/2"]
[WhiteElo "2547"]
[BlackElo "2340"]
[EventDate "2010.06.29"]

1. e4 e5 2. Nf3 Nc6 3. Bb5 a6 4. Bxc6 dxc6 5. O-O f6 6. d4 exd4 7. Nxd4 c5
8. Ne2 Qxd1 9. Rxd1 Bd7 10. Nbc3 O-O-O 11. Be3 Bd6 12. Bf4 Bxf4 13. Nxf4
Ne7 14. f3 f5 15. Kf2 fxe4 16. Nxe4 b6 17. Nd5 Nxd5 18. Rxd5 Bc6 19. Rxd8+
Rxd8 20. Re1 Rd5 21. Nc3 Rd6 22. Re5 Rd2+ 23. Re2 Rd6 24. g4 Kd7 25. h4 Rd4
26. h5 g5 27. hxg6 hxg6 28. Ke3 Ke6 29. Rh2 Rd7 30. Rh8 Kf6 31. Rf8+ Kg7
32. Rc8 Bb7 33. Re8 Kf7 34. Re5 Rd8 35. Kf4 Rd4+ 36. Kg3 Rb4 37. b3 Rd4 38.
Re2 Bc6 39. Rh2 Kg7 40. Re2 Kf7 41. Kf2 a5 42. Ke3 a4 43. Rh2 Kg7 44. Rh1
axb3 45. axb3 Rxg4 46. Ra1 Rg3 47. Ne4 1/2-1/2

[Event "IsBank TCh-TUR"]
[Site "Konya TUR"]
[Date "2010.07.02"]
[Round "6"]
[White "Emiroglu,C"]
[Black "Ersoz,B"]
[Result "1-0"]
[WhiteElo "2100"]
[BlackElo "1764"]
[EventDate "2010.06.29"]

1. e4 e5 2. Nf3 Nf6 3. Nxe5 Nxe4 4. Qe2 Qe7 5. Qxe4 d6 6. d4 dxe5 7. Qxe5
Qxe5+ 8. dxe5 Nc6 9. Bb5 Bd7 10. Bxc6 Bxc6 11. O-O O-O-O 12. Be3 Be7 13.
Nd2 f6 14. exf6 Bxf6 15. c3 Rhe8 16. Nb3 g6 17. Rfd1 Bd5 18. Rd2 a6 19.
Rad1 Bxb3 20. axb3 c6 21. Kf1 Rxd2 22. Rxd2 Be5 23. g3 Kc7 24. Ke2 h5 25.
f4 Bf6 26. Kf3 a5 27. h3 Ra8 28. g4 hxg4+ 29. hxg4 b5 30. Bc5 a4 31. bxa4
Rxa4 32. g5 Bg7 33. Rh2 Bxc3 34. Rh7+ Kc8 35. bxc3 Rc4 36. Bb4 c5 37. Ba5
b4 38. Rc7+ 1-0

[Event "IsBank TCh-TUR"]
[Site "Konya TUR"]
[Date "2010.07.02"]
[Round "6"]
[White "Kinsiz,O"]
[Black "Marasli,T"]
[Result "0-1"]
[WhiteElo "2219"]
[BlackElo "2185"]
[EventDate "2010.06.29"]

1. e4 e6 2. d3 d5 3. Nd2 c5 4. Ngf3 Nc6 5. g3 Nf6 6. Bg2 Be7 7. O-O dxe4 8.
dxe4 e5 9. c3 O-O 10. Qc2 Qc7 11. Nc4 Rd8 12. Bg5 h6 13. Bxf6 Bxf6 14. Ne3
Be6 15. Nd2 Ne7 16. f4 Qd7 17. Ndc4 b5 18. Rad1 Qb7 19. Nd6 Qb6 20. fxe5
Bxe5 21. Ndf5 Bxf5 22. exf5 Rxd1 23. Rxd1 Rd8 24. Rf1 Ra8 25. Rd1 Rd8 26.
Ng4 Rxd1+ 27. Qxd1 Bf6 28. Qd7 Kf8 29. Nxf6 gxf6 30. Be4 a5 31. Kg2 c4 32.
h4 b4 33. Kh3 Qc5 34. Qd8+ Kg7 35. Qd7 Qe5 36. Bc2 bxc3 37. bxc3 Qxc3 38.
Bd1 Qe5 39. Bc2 Qe2 40. Qd1 Nxf5 0-1

[Event "IsBank TCh-TUR"]
[Site "Konya TUR"]
[Date "2010.07.02"]
[Round "6"]
[White "Asan,E"]
[Black "Soylemez,C"]
[Result "1-0"]
[WhiteElo "1796"]
[BlackElo "1935"]
[EventDate "2010.06.29"]

1. e4 c5 2. Nf3 Nc6 3. d3 d6 4. g3 g6 5. Bg2 Bg7 6. Bf1 Bf8 7. Bg2 Bg7 8.
O-O e5 9. c3 Nge7 10. Na3 O-O 11. Qe2 f5 12. Rd1 f4 13. Nc2 h6 14. d4 cxd4
15. cxd4 Qe8 16. Qc4+ Kh8 17. d5 Nd8 18. Qc7 fxg3 19. fxg3 Bg4 20. Nce1 Rf6
21. h3 Bd7 22. b3 Rc8 23. Qa5 a6 24. Ba3 g5 25. Rdc1 Nf7 26. Rc7 Rxc7 27.
Qxc7 b5 28. Rc1 h5 29. Qa7 Bc8 30. Rc7 Bf8 31. Bc1 Rg6 32. Nc2 g4 33. Nh4
Rg7 34. hxg4 Rxg4 35. Kh2 Rg7 36. Ne3 Nh6 37. Ba3 Qd8 38. Qb8 Ng4+ 39. Nxg4
hxg4 40. Nf5 Rh7+ 41. Kg1 Bh6 42. Rxe7 Be3+ 43. Kf1 Rxe7 44. Nxe7 Qxe7 45.
Qxc8+ Kh7 46. Qxg4 Qc7 47. Qf5+ Kg7 48. Bh3 b4 49. Bxb4 Qc1+ 50. Be1 Qd1
51. Qg4+ Qxg4 52. Bxg4 Bc5 53. Be2 Kg6 54. Bxa6 Kg5 55. Kg2 Kg4 56. b4 Bd4
57. a4 1-0

[Event "IsBank TCh-TUR"]
[Site "Konya TUR"]
[Date "2010.07.02"]
[Round "6"]
[White "Can,E"]
[Black "Drozdovskij,Y"]
[Result "1/2-1/2"]
[WhiteElo "2477"]
[BlackElo "2625"]
[EventDate "2010.06.29"]

1. e4 c6 2. d4 d5 3. Nc3 dxe4 4. Nxe4 Nd7 5. Nf3 Ngf6 6. Nxf6+ Nxf6 7. c3
Bg4 8. h3 Bxf3 9. Qxf3 Qd5 10. Be2 e6 11. Bf4 Qxf3 12. Bxf3 Be7 13. Be5 O-O
14. Bxf6 Bxf6 15. Ke2 Rfd8 16. Rhd1 a5 17. a4 Rd7 18. Rd3 g6 19. g3 h5 20.
h4 Rad8 21. Rad1 Kf8 22. Be4 Bg7 23. Bg2 Ke7 24. Be4 Kf8 25. Bg2 Ke7 26.
Be4 Kf8 27. Bg2 Ke7 1/2-1/2

[Event "IsBank TCh-TUR"]
[Site "Konya TUR"]
[Date "2010.07.02"]
[Round "6"]
[White "Selbes,T"]
[Black "Genc,C"]
[Result "1-0"]
[WhiteElo "2263"]
[BlackElo "2205"]
[EventDate "2010.06.29"]

1. e4 e6 2. d4 d5 3. Nc3 Bb4 4. exd5 exd5 5. Bd3 Nc6 6. Be3 Nge7 7. Qf3 Be6
8. Nge2 Qd7 9. O-O Rd8 10. a3 Bxc3 11. Nxc3 Bf5 12. Bxf5 Nxf5 13. Bg5 f6
14. Rae1+ Kf7 15. Be3 Ncxd4 16. Qd1 Nb5 17. Nxb5 Qxb5 18. Bf4 Qd7 19. Qd3
c6 20. h3 Nh4 21. Bg3 Ng6 22. f4 Rhe8 23. f5 Nf8 24. Rd1 Re4 25. Rfe1 Rxe1+
26. Bxe1 g6 27. fxg6+ hxg6 28. Bh4 g5 29. Bf2 a6 30. Bd4 Re8 31. Rf1 Re6
32. Qf5 Qe7 33. Qxg5 c5 34. Qh5+ Kg7 35. Bc3 d4 36. Bd2 Nh7 37. Rf4 Ng5 38.
h4 Nf7 39. Rg4+ Kf8 40. Bh6+ Ke8 41. Rg8+ Kd7 42. Qd5+ Kc7 43. Bf4+ Ne5 44.
h5 Kb6 45. b4 Nd7 46. bxc5+ Nxc5 47. Qxd4 Re1+ 48. Kh2 Re4 49. Qb2+ 1-0

[Event "IsBank TCh-TUR"]
[Site "Konya TUR"]
[Date "2010.07.02"]
[Round "6"]
[White "Ergonen,A"]
[Black "Yaramis,H"]
[Result "1/2-1/2"]
[WhiteElo "1995"]
[BlackElo "2103"]
[EventDate "2010.06.29"]

1. e4 c5 2. Nf3 Nc6 3. d4 cxd4 4. Nxd4 Nf6 5. Nc3 e5 6. Ndb5 d6 7. Nd5 Nxd5
8. exd5 Nb8 9. c4 Be7 10. Be3 O-O 11. Be2 a6 12. Nc3 f5 13. f4 Nd7 14. Qd2
exf4 15. Bxf4 g5 16. Be3 Bf6 17. O-O f4 18. Bd4 Bxd4+ 19. Qxd4 Ne5 20. c5
Qf6 21. Rad1 Bf5 22. cxd6 Qxd6 23. Kh1 Rae8 24. Bh5 Re7 25. Rde1 Rf6 26.
Ne4 Bxe4 27. Rxe4 Ng6 28. Bxg6 hxg6 29. Rfe1 Rxe4 30. Qxe4 Kg7 31. h3 f3
32. Qe7+ Qxe7 33. Rxe7+ Kf8 34. Re1 Kf7 35. gxf3 Rxf3 36. d6 Rxh3+ 37. Kg2
Rd3 38. Re7+ Kf6 39. Rxb7 Rxd6 40. a4 Kf5 41. a5 Kf4 42. Rb4+ Kf5 43. Rb6
Rd2+ 44. Kg3 g4 45. Rxa6 Rxb2 46. Rb6 Ra2 47. Rb5+ Kf6 48. Kxg4 Ra4+
1/2-1/2